[Event "Como Province-ch"]
[Site "Villa Guardia"]
[Date "2013.01.20"]
[Round "4"]
[White "Cairoli, Fabio"]
[Black "Lotti, Riccardo"]
[Result "0-1"]
[WhiteElo "1386"]
[BlackElo "1353"]
[PlyCount "89"]
[EventDate "2013.01.19"]
[EventType "swiss"]
[EventRounds "6"]
[EventCountry "ITA"]
[SourceTitle "EXT 2014"]
[Source "ChessBase"]
[SourceDate "2013.11.20"]
[SourceVersion "1"]
[SourceVersionDate "2013.11.20"]
[SourceQuality "1"]

1. d4 Nf6 2. Nf3 d5 3. Bg5 Nbd7 4. e3 e6 5. Be2 Be7 6. 0-0 Ne4 7. Bxe7 Qxe7 8. Nbd2 f5 9. c4 c6 10. a3 a5 11. Rb1 0-0 12. Ne5 Nxe5 13. dxe5 Qc7 14. f4 b6 15. Rc1 Qd7 16. cxd5 cxd5 17. Nf3 Ba6 18. Nd4 Bxe2 19. Qxe2 Rfe8 20. Rc2 Rac8 21. Rfc1 Rc5 22. Qa6 Rb8 23. h3 Kf7 24. b4 Rxc2 25. Rxc2 Qb7 26. Qxb7+ Rxb7 27. bxa5 bxa5 28. Rc6 g5 29. Nxe6 gxf4 30. Nd8+ Ke7 31. Nxb7 fxe3 32. Rc2 Ke6 33. Re2 d4 34. Nxa5 Kxe5 35. Nc4+ Kf4 36. a4 Nc3 37. a5 Nxe2+ 38. Kf1 Nc3 39. a6 Nb5 40. Ke2 Ke4 41. Na3 d3+ 42. Ke1 Na7 43. Nc4 f4 44. Nxe3 fxe3 45. Kd1 0-1

[Event "Como Province-ch"]
[Site "Villa Guardia"]
[Date "2013.01.19"]
[Round "1"]
[White "Lotti, Riccardo"]
[Black "Poletto, Daniele"]
[Result "1/2-1/2"]
[WhiteElo "1353"]
[BlackElo "1713"]
[PlyCount "73"]
[EventDate "2013.01.19"]
[EventType "swiss"]
[EventRounds "6"]
[EventCountry "ITA"]
[SourceTitle "EXT 2014"]
[Source "ChessBase"]
[SourceDate "2013.11.20"]
[SourceVersion "1"]
[SourceVersionDate "2013.11.20"]
[SourceQuality "1"]

1. c4 c5 2. Nc3 Nc6 3. g3 g6 4. Bg2 Bg7 5. e3 e5 6. Nge2 Nge7 7. 0-0 0-0 8. Nd5 d6 9. Nec3 Rb8 10. a4 a6 11. b3 Nb4 12. Nxe7+ Qxe7 13. Nd5 Nxd5 14. Bxd5 Bh3 15. Re1 h5 16. e4 h4 17. d3 hxg3 18. fxg3 Kh7 19. Qd2 f5 20. Qg5 Qxg5 21. Bxg5 Bf6 22. Bd2 f4 23. Kf2 Bg7 24. gxf4 exf4 25. Kf3 Bxa1 26. Rxa1 Bd7 27. Rg1 b5 28. axb5 axb5 29. Bxf4 bxc4 30. Bxc4 Rf6 31. Ke3 Rbf8 32. Bg3 Re8 33. Bh4 Rff8 34. Ra1 Ra8 35. Rxa8 Rxa8 36. Be7 Ra2 37. Bxd6 1/2-1/2

[Event "Villa Guardia D Oro Cup 25th"]
[Site "Villa Guardia"]
[Date "2007.11.09"]
[Round "5"]
[White "Lotti, Riccardo"]
[Black "Gatti, Luigi"]
[Result "0-1"]
[WhiteElo "1398"]
[BlackElo "1425"]
[PlyCount "108"]
[EventDate "2007.10.05"]
[EventType "swiss"]
[EventRounds "7"]
[EventCountry "ITA"]
[SourceTitle "EXT 2010"]
[Source "ChessBase"]
[SourceDate "2010.11.25"]
[SourceVersion "1"]
[SourceVersionDate "2010.11.25"]
[SourceQuality "1"]

1. d4 d5 2. c4 e6 3. Nc3 Nf6 4. Bg5 Nbd7 5. Nf3 Be7 6. Bxf6 Nxf6 7. e3 0-0 8. Bd3 dxc4 9. Bxc4 c5 10. 0-0 a6 11. a4 Qc7 12. e4 cxd4 13. e5 dxc3 14. b3 Rd8 15. Qc2 Nd5 16. Qe4 Nb4 17. Rac1 c2 18. Nd4 Bd7 19. Nxc2 Bc6 20. Qe3 Nd5 21. Qg3 Nb6 22. Ne3 Rd2 23. Rc2 Rxc2 24. Nxc2 Nxc4 25. bxc4 Rd8 26. Qc3 Qd7 27. Re1 Bxa4 28. c5 Rc8 29. Ne3 Bxc5 30. Rd1 Qxd1+ 31. Nxd1 Bxf2+ 32. Kxf2 Rxc3 33. Nxc3 Bc6 34. g3 b5 35. Ke3 f5 36. exf6 gxf6 37. Kd4 b4 38. Nd1 Kf7 39. Kc5 Bf3 40. Nb2 b3 41. Kb4 Bd5 42. h3 Kg6 43. Ka5 Kg5 44. Kxa6 f5 45. Kb5 f4 46. gxf4+ Kxf4 47. Kc5 h5 48. Kd4 Kg3 49. Nd3 Kxh3 50. Kc3 Kg3 51. Kd2 h4 52. Ke2 Bc4 53. Kf1 Bxd3+ 54. Kg1 b2 0-1

[Event "Villa Guardia D Oro Cup 25th"]
[Site "Villa Guardia"]
[Date "2007.10.19"]
[Round "3"]
[White "Ghelfi, Giancarlo"]
[Black "Lotti, Riccardo"]
[Result "1-0"]
[WhiteElo "1538"]
[BlackElo "1398"]
[PlyCount "75"]
[EventDate "2007.10.05"]
[EventType "swiss"]
[EventRounds "7"]
[EventCountry "ITA"]
[SourceTitle "EXT 2010"]
[Source "ChessBase"]
[SourceDate "2010.11.25"]
[SourceVersion "1"]
[SourceVersionDate "2010.11.25"]
[SourceQuality "1"]

1. e4 e6 2. d4 d5 3. Nc3 Bb4 4. e5 c5 5. Bd2 cxd4 6. Nb5 Bc5 7. Nd6+ Bxd6 8. exd6 Qxd6 9. Qg4 Qe5+ 10. Kd1 Nc6 11. Nf3 Qf6 12. Bb5 Bd7 13. Bxc6 Bxc6 14. Bg5 Qf5 15. Qxf5 exf5 16. Re1+ Kd7 17. Nxd4 f6 18. Bf4 Ne7 19. c3 g5 20. Bd2 f4 21. f3 Rae8 22. Kc2 Kc8 23. Re6 Rhf8 24. Rae1 Kd7 25. b4 Ba4+ 26. Kb2 Nc6 27. Rxe8 Rxe8 28. Nf5 Bb5 29. Rxe8 Kxe8 30. Nd6+ Kd7 31. Nxb5 Ne5 32. Nxa7 Kc7 33. Nb5+ Kc6 34. Nd4+ Kc7 35. a4 Nc4+ 36. Kc2 Ne3+ 37. Bxe3 fxe3 38. Kd3 1-0

[Event "Como op"]
[Site "Como"]
[Date "2007.05.18"]
[Round "6"]
[White "Rizzi, Pierantonio"]
[Black "Lotti, Riccardo"]
[Result "0-1"]
[WhiteElo "1410"]
[BlackElo "1389"]
[PlyCount "116"]
[EventDate "2007.04.13"]
[EventType "swiss"]
[EventRounds "7"]
[EventCountry "ITA"]
[SourceTitle "EXT 2010"]
[Source "ChessBase"]
[SourceDate "2010.11.25"]
[SourceVersion "1"]
[SourceVersionDate "2010.11.25"]
[SourceQuality "1"]

1. d4 Nf6 2. c4 e6 3. Nc3 Bb4 4. a3 Bxc3+ 5. bxc3 d5 6. c5 Bd7 7. e3 b6 8. cxb6 axb6 9. Nf3 Ba4 10. Qd2 Ne4 11. Qb2 Nc6 12. Bd3 Qd7 13. Ne5 Nxe5 14. dxe5 Nc5 15. Be2 0-0 16. 0-0 Qe7 17. c4 Bb3 18. cxd5 Bxd5 19. Bf3 Bxf3 20. gxf3 Qg5+ 21. Kh1 Nd3 22. Qe2 Qg6 23. Rg1 Qh5 24. Qxd3 Qxf3+ 25. Rg2 Rad8 26. Qd4 Rxd4 27. exd4 Qd1+ 28. Rg1 Qxd4 29. Be3 Qe4+ 30. Rg2 Qxe5 31. Rag1 g6 32. h4 Qe4 33. Bg5 f6 34. Bh6 Rd8 35. h5 Rd5 36. Rf1 Rxh5+ 37. Kg1 Rxh6 38. f3 Qe3+ 39. Rgf2 Rh5 40. Rd1 Rd5 41. Rdf1 Rg5+ 42. Kh1 Rg3 43. f4 f5 44. Rg2 Rh3+ 45. Rh2 Rxh2+ 46. Kxh2 Qe2+ 47. Kg1 h5 48. Rf2 Qe3 49. Kg2 h4 50. Rf3 Qe2+ 51. Rf2 Qg4+ 52. Kf1 h3 53. Rd2 Qxf4+ 54. Ke1 h2 55. Rd8+ Kf7 56. Rh8 g5 57. Rh5 Kg6 58. Rh8 Qe4+ 0-1

[Event "Como Primavera op-A 2nd"]
[Site "Como"]
[Date "2006.05.31"]
[Round "7"]
[White "Raineri, Roberto"]
[Black "Lotti, Riccardo"]
[Result "1-0"]
[WhiteElo "1583"]
[BlackElo "1395"]
[PlyCount "61"]
[EventDate "2006.04.21"]
[EventType "swiss"]
[EventRounds "7"]
[EventCountry "ITA"]
[SourceTitle "EXT 2024"]
[Source "ChessBase"]
[SourceDate "2023.10.10"]
[SourceVersion "1"]
[SourceVersionDate "2023.10.10"]
[SourceQuality "1"]

1. c4 e5 2. Nc3 Nc6 3. g3 Bc5 4. Bg2 Nge7 5. Nf3 Ng6 6. a3 0-0 7. b4 Bd4 8. Bb2 Bxc3 9. Bxc3 e4 10. Nd4 Nxd4 11. Bxd4 d5 12. cxd5 Qxd5 13. Be3 Re8 14. Rc1 Qd6 15. Qc2 Bf5 16. 0-0 c6 17. Qb2 Qe6 18. Rfd1 Bh3 19. Bh1 Bg4 20. Bd4 Bxe2 21. Re1 Bd3 22. Bxg7 Qf5 23. Rc5 Qd7 24. Bh6 f5 25. Rxf5 e3 26. Qb3+ Re6 27. Rf6 Rae8 28. Rxe3 b5 29. Rxd3 Qc7 30. Rxe6 Qf7 31. Rxe8+ 1-0

[Event "Como Primavera op-A 2nd"]
[Site "Como"]
[Date "2006.05.26"]
[Round "6"]
[White "Calabrese, Salvatore"]
[Black "Lotti, Riccardo"]
[Result "0-1"]
[WhiteElo "1419"]
[BlackElo "1395"]
[PlyCount "98"]
[EventDate "2006.04.21"]
[EventType "swiss"]
[EventRounds "7"]
[EventCountry "ITA"]
[SourceTitle "EXT 2024"]
[Source "ChessBase"]
[SourceDate "2023.10.10"]
[SourceVersion "1"]
[SourceVersionDate "2023.10.10"]
[SourceQuality "1"]

1. e4 e6 2. Nc3 d5 3. d3 Ne7 4. Bg5 h6 5. Bh4 Qd7 6. Qd2 d4 7. Nce2 Ng6 8. Bg3 Be7 9. Nf3 Nc6 10. a3 Bf6 11. Nf4 Nxf4 12. Bxf4 e5 13. Bg3 0-0 14. Nh4 Bg5 15. f4 exf4 16. Nf3 fxg3 17. Nxg5 hxg5 18. hxg3 Qe7 19. Qe2 g6 20. g4 Ne5 21. Qf2 c5 22. Qg3 Bxg4 23. Qh2 Bh5 24. Be2 g4 25. 0-0-0 Qg5+ 26. Kb1 Rac8 27. g3 Rc6 28. c3 Nf3 29. Qg2 Qf6 30. c4 Ne5 31. Rhf1 Qg5 32. Qh2 Rb6 33. Rf4 Rf6 34. Rdf1 Nf3 35. Bxf3 gxf3 36. R1xf3 Bxf3 37. Rh4 Bh5 38. Qh3 Rf3 39. Qh1 Rxg3 40. e5 Rg1+ 41. Qxg1 Qxg1+ 42. Ka2 Qe3 43. e6 fxe6 44. Rh1 Qxd3 45. a4 Rf3 46. a5 Qxc4+ 47. Kb1 Rf2 48. Rc1 Qb5 49. a6 Qxb2# 0-1

[Event "Como Primavera op-A 2nd"]
[Site "Como"]
[Date "2006.05.12"]
[Round "4"]
[White "Cimatti, Stefano"]
[Black "Lotti, Riccardo"]
[Result "1/2-1/2"]
[WhiteElo "1398"]
[BlackElo "1395"]
[PlyCount "117"]
[EventDate "2006.04.21"]
[EventType "swiss"]
[EventRounds "7"]
[EventCountry "ITA"]
[SourceTitle "EXT 2024"]
[Source "ChessBase"]
[SourceDate "2023.10.10"]
[SourceVersion "1"]
[SourceVersionDate "2023.10.10"]
[SourceQuality "1"]

1. c4 e5 2. Nc3 Nc6 3. e3 Nf6 4. g3 Bb4 5. a3 Bxc3 6. bxc3 e4 7. Bg2 Ne5 8. c5 Nd3+ 9. Kf1 Nxc5 10. Qc2 d6 11. Bb2 Be6 12. c4 b6 13. Ne2 Bd7 14. Nc3 Bc6 15. Rb1 0-0 16. Rg1 Re8 17. Bh1 Bb7 18. Kg2 Qd7 19. Rgf1 Ba6 20. Ne2 Qg4 21. Nf4 Bb7 22. Bxf6 gxf6 23. Kg1 Qd7 24. Bg2 Qa4 25. Qc3 f5 26. Rb4 Qa5 27. Rfb1 Nd7 28. Rb5 Qxc3 29. dxc3 Ba6 30. Rxf5 Nc5 31. Nd5 Re5 32. Rxe5 dxe5 33. Nxc7 Rc8 34. Nxa6 Nxa6 35. Bxe4 Nc5 36. Bd5 Nd7 37. Rf1 Nf6 38. Bb7 Rxc4 39. Rc1 Ne4 40. Bxe4 Rxe4 41. Re1 b5 42. f3 Ra4 43. Ra1 Rc4 44. Rc1 a5 45. h4 b4 46. axb4 axb4 47. Kf1 Rxc3 48. Rxc3 bxc3 49. Ke1 f5 50. Kd1 Kf7 51. Kc2 Ke6 52. Kxc3 e4 53. fxe4 fxe4 54. Kd4 Kf5 55. h5 h6 56. Kd5 Kg5 57. Kxe4 Kg4 58. Ke5 Kxh5 59. Kf5 1/2-1/2